Szczegóły MARC21

I. Międzynarodowa Konferencja Eksploatacji Portów na temat: Racjonalizacja systemu informacyjnego w portach = I Meždunarodnaâ Konferenciâ Èkspluatacii Portov na temu: Racionalizaciâ informacionnoj sistemy v portah = I Internationale Konferenz des Hafenbetriebs zum Thema: Rationalisierung des Informationssystem in Häfen /

003 -Nazwa inst., której nr kontr. jest w polu 001 [,]
    • @
    • Nazwa instytucji, której n kontrolny jest w polu 001
    • NUKAT
005 -DATA I CZAS OSTATNIEJ MODYFIKACJI [,]
    • @
    • pole kontrolne
    • 20241231104922.0
040 -Instytucja sporządzająca opis [ , ]
    • a
    • Instytucja, która sporządziła opis (NP)
    • KR U/MM
    • c
    • Instytucja, która sporządziła rekord (NP)
    • KR U/MM
    • d
    • Instytucja, która zmodyfikowała rekord (P)
    • KR U/BMigs
041 -Język dokumentu [0, ]
    • a
    • Język tekstu (P)
    • polski
    • b
    • Język streszczeń lub abstraktu (P)
    • niemiecki
    • b
    • Język streszczeń lub abstraktu (P)
    • rosyjski
942 -Rodzaj dokumentu [ , ]
    • c
    • Rodzaj dokumentu
    • Książka
111 -Hasło główne - nazwa imprezy [2, ]
    • a
    • Nazwa imprezy (NP)
    • Międzynarodowa Konferencja Eksploatacji Portów na temat: Racjonalizacja Systemu Informacyjnego w Portach Find
    • n
    • Numer imprezy (P)
    • (1 ;
    • d
    • Data imprezy (NP)
    • 1988 ;
    • c
    • Miejsce imprezy (NP)
    • Szczecin).
    • 9
    • KHW
    • 517258
245 -Strefa tytułu i oznaczenia odpowiedzialności [1,0]
    • a
    • Tytuł
    • I. Międzynarodowa Konferencja Eksploatacji Portów na temat: Racjonalizacja systemu informacyjnego w portach = Find
    • b
    • Ciąg dalszy tytułu (NP)
    • I Meždunarodnaâ Konferenciâ Èkspluatacii Portov na temu: Racionalizaciâ informacionnoj sistemy v portah = I Internationale Konferenz des Hafenbetriebs zum Thema: Rationalisierung des Informationssystem in Häfen / Find
    • c
    • Pozostałe elementy strefy tytułu i oznaczenia odpowiedzialności (NP)
    • Wyższa Szkoła Morska w Szczecinie. Instytut Eksploatacji Portów.
246 -Wariant tytułu [3, ]
    • a
    • Tytuł (NP)
    • Międzynarodowa Konferencja Eksploatacji Portów na temat: Racjonalizacja systemu informacyjnego w portach, 1
246 -Wariant tytułu [3,1]
    • a
    • Tytuł (NP)
    • Internationale Konferenz des Hafenbetriebs zum Thema: Rationalisierung des Informationssystem in Häfen
246 -Wariant tytułu [3,0]
    • a
    • Tytuł (NP)
    • Racjonalizacja systemu informacyjnego w portach
260 -Strefa adresu wydawniczego [ , ]
    • a
    • Miejsce wydania (P)
    • Szczecin :
    • b
    • Nazwa wydawcy (P)
    • Dział Wydawnictw Wyższej Szkoły Morskiej,
    • c
    • Data wydania (P)
    • 1988.
300 -Strefa opisu fizycznego [ , ]
    • a
    • Określenie formy książki i/lub objętość (NP)
    • 274 s., [3] k. tabl. złoż. :
    • b
    • Oznaczenie ilustracji (NP)
    • il. ;
    • c
    • Format (NP)
    • 21 cm.
336 -Typ zawartości [ , ]
    • a
    • Termin opisujący typ zawartości
    • Tekst
    • b
    • Kod określający zawartość
    • txt
    • 2
    • Źródło (terminu i kodu)
    • rdacontent
337 -Typ mediów [ , ]
    • a
    • Tryb odtwarzania
    • Bez urządzenia pośredniczącego
    • b
    • Kod typu mediów
    • n
    • 2
    • Źródło (terminu i kodu)
    • rdamedia
338 -Typ/rodzaj nośnika [ , ]
    • a
    • Hasło opisujące typ nośnika
    • Wolumin
    • b
    • Kod typu nośnika
    • nc
    • 2
    • Źródło (terminu i kodu)
    • rdacarrier
504 -Uwaga dot. bibliogr. załącznikowej [ , ]
    • a
    • Uwaga dot. bibliografii załącznikowej
    • Bibliogr. przy ref.
546 -Uwaga dot. języka [ , ]
    • a
    • Uwaga dot. języka
    • Streszcz. niem., ros. przy ref.
650 -Hasło przedmiotowe [ ,7]
    • a
    • Hasło przedmiotowe
    • Systemy informacyjno-wyszukiwawcze
    • v
    • Określnik formalny
    • konferencje.
    • 2
    • Źródło terminu
    • kaba
    • 9
    • KHW
    • 441848
650 -Hasło przedmiotowe [ ,7]
    • a
    • Hasło przedmiotowe
    • Porty
    • x
    • Określnik rzeczowy
    • administracja
    • v
    • Określnik formalny
    • konferencje.
    • 2
    • Źródło terminu
    • kaba
    • 9
    • KHW
    • 517353
710 -Hasło dodatkowe - nazwa ciała zbiorowego [2, ]
    • a
    • Nazwa ciała zbiorowego lub nazwa geograficzna jako pierwszy element (NP)
    • Wyższa Szkoła Morska (Szczecin).
    • b
    • Nazwa jednostki podrzędnej (P)
    • Instytut Eksploatacji Portów.
    • 9
    • KHW
    • 257903
Lokalizacja Data inwentaryzacji Numer inwentarzowy Status udost.
BE E.582941
BG Z.746151
T2000-03-22T.2079-2